000 00372nam a22001217a 4500
008 161103b xxu||||| |||| 00| 0 eng d
050 _aJA26.J68(1934-35)
245 _aPublic Administration:
_bthe journals of the intitute of public administration./
250 _aVol.12-13.
260 _aLondon.:
_bI.P.A:
_c1928-29.
300 _avarious pagings:
_c24 cm.
942 _2lcc
_cBK
999 _c6102
_d13602